River channel management : (Record no. 9077)

MARC details
000 -LEADER
fixed length control field 01174cam a2200301 a 4500
001 - CONTROL NUMBER
control field 13775567
003 - CONTROL NUMBER IDENTIFIER
control field OSt
005 - DATE AND TIME OF LATEST TRANSACTION
control field 20240705105836.0
008 - FIXED-LENGTH DATA ELEMENTS--GENERAL INFORMATION
fixed length control field 040826s2004 enkab b 001 0 eng
010 ## - LIBRARY OF CONGRESS CONTROL NUMBER
LC control number 2004478280
020 ## - INTERNATIONAL STANDARD BOOK NUMBER
International Standard Book Number 0340759690 (pbk.)
035 ## - SYSTEM CONTROL NUMBER
System control number (OCoLC)ocm56360417
040 ## - CATALOGING SOURCE
Transcribing agency must
042 ## - AUTHENTICATION CODE
Authentication code lccopycat
082 ## - DEWEY DECIMAL CLASSIFICATION NUMBER
Classification number 333.91 DOW 2004
100 1# - MAIN ENTRY--PERSONAL NAME
Personal name Downs, Peter W.
Fuller form of name (Peter William)
9 (RLIN) 18467
245 10 - TITLE STATEMENT
Title River channel management :
Remainder of title towards sustainable catchment hydrosystems /
Statement of responsibility, etc. Peter W. Downs, Kenneth J. Gregory.
260 ## - PUBLICATION, DISTRIBUTION, ETC. (IMPRINT)
Place of publication, distribution, etc. London :
Name of publisher, distributor, etc. Arnold ;
Place of publication, distribution, etc. New York :
Name of publisher, distributor, etc. Distributed in the USA by Oxford University Press,
Date of publication, distribution, etc. 2004.
300 ## - PHYSICAL DESCRIPTION
Extent xii, 395 p. :
Other physical details ill., maps ;
Dimensions 24 cm.
504 ## - BIBLIOGRAPHY, ETC. NOTE
Bibliography, etc Includes bibliographical references (p. 331-384) and index.
650 #0 - SUBJECT ADDED ENTRY--TOPICAL TERM
Topical term or geographic name as entry element River channels
General subdivision Management.
9 (RLIN) 18468
650 #0 - SUBJECT ADDED ENTRY--TOPICAL TERM
Topical term or geographic name as entry element River engineering.
9 (RLIN) 18469
700 1# - ADDED ENTRY--PERSONAL NAME
Personal name Gregory, K. J.
Fuller form of name (Kenneth John)
9 (RLIN) 18470
856 42 - ELECTRONIC LOCATION AND ACCESS
Materials specified Publisher description
Uniform Resource Identifier <a href="http://www.loc.gov/catdir/enhancements/fy0621/2004478280-d.html">http://www.loc.gov/catdir/enhancements/fy0621/2004478280-d.html</a>
906 ## - LOCAL DATA ELEMENT F, LDF (RLIN)
a 7
b cbc
c copycat
d 2
e ncip
f 20
g y-gencatlg
942 ## - ADDED ENTRY ELEMENTS (KOHA)
Source of classification or shelving scheme Dewey Decimal Classification
Koha item type Open Shelf
Holdings
Withdrawn status Lost status Source of classification or shelving scheme Damaged status Not for loan Home library Current library Date acquired Source of acquisition Inventory number Total Checkouts Full call number Barcode Date last seen Price effective from Koha item type
    Dewey Decimal Classification     MUST Main Library MUST Main Library 05/07/2024 donation 06/26438   333.91 DOW 2004 2024-21796 05/07/2024 05/07/2024 Open Shelf